Catalog

Record Details

Catalog Search



Available copies

  • 1 of 1 copy available at LARL/NWRL Consortium.
  • 1 of 1 copy available at Lake Agassiz Regional Library. (Show preferred library)

Current holds

0 current holds with 1 total copy.

Show Only Available Copies
Location Call Number / Copy Notes Barcode Shelving Location Status Due Date
Ada Public Library E 523.3 MOO (Text) 33500012668505 Main Available -

Record details

  • ISBN: 9781512433463
  • ISBN: 1512433462
  • ISBN: 9781512455366
  • ISBN: 1512455369
  • Physical Description: 24 pages : color illustrations ; 24 cm.
  • Publisher: Minneapolis, MN : Lerner Publications, a division of Lerner Publishing Group, Inc., [2017]

Content descriptions

Bibliography, etc. Note:
Includes bibliographical references (page 24) and ... Read More
Formatted Contents Note:
The moon -- Where is the moon?
Summary, etc.:
Contains simple information about the Earth's ... Read More
Target Audience Note:
Age 4-7.
K to grade 3.
Subject: Moon > Juvenile literature.
Moon
JUVENILE NONFICTION > Science & Nature > Astronomy.
Moon
Moon
Genre: Juvenile works.
LDR 02472cam a22006138i 4500
001282770
003LARL_NWRL_CONSORTIUM
00520180330144014.0
008161027t20172018mnua j b 001 0 eng
010 . ‡a 2016049258
040 . ‡aDLC ‡beng ‡erda ‡cDLC ‡dOCLCF ‡dBTCTA ‡dOCLCQ ‡dYDX ‡dBDX ‡dMLY ‡dCHILD ‡dTXKYL ‡dJQM ‡dOCLCO ‡dGPI ‡dFBR ‡dIUK ‡dTOH ‡dOCLCQ
019 . ‡a971909012 ‡a972104654 ‡a972242540 ‡a1008907061
020 . ‡a9781512433463 ‡q(library binding ; ‡qalk. paper)
020 . ‡a1512433462 ‡q(library binding ; ‡qalk. paper)
020 . ‡a9781512455366 ‡q(paperback ; ‡qalk. paper)
020 . ‡a1512455369 ‡q(paperback ; ‡qalk. paper)
020 . ‡z9781512450163 ‡q(ebook)
035 . ‡a(OCoLC)961388613 ‡z(OCoLC)971909012 ‡z(OCoLC)972104654 ‡z(OCoLC)972242540 ‡z(OCoLC)1008907061
042 . ‡apcc
043 . ‡azmo----
08200. ‡a523.3 ‡223
1001 . ‡aMoon, Walt K., ‡eauthor.
24510. ‡aLet's explore the moon / ‡cby Walt K. Moon.
2463 . ‡aLet us explore the moon
264 1. ‡aMinneapolis, MN : ‡bLerner Publications, a division of Lerner Publishing Group, Inc., ‡c[2017]
264 4. ‡c©2018
300 . ‡a24 pages : ‡bcolor illustrations ; ‡c24 cm.
336 . ‡atext ‡btxt ‡2rdacontent
336 . ‡astill image ‡bsti ‡2rdacontent
337 . ‡aunmediated ‡bn ‡2rdamedia
338 . ‡avolume ‡bnc ‡2rdacarrier
4900 . ‡aBumba books. A first look at space
5211 . ‡aAge 4-7.
5212 . ‡aK to grade 3.
504 . ‡aIncludes bibliographical references (page 24) and index.
5050 . ‡aThe moon -- Where is the moon?
520 . ‡aContains simple information about the Earth's moon.
651 0. ‡aMoon ‡vJuvenile literature. ‡0(LARL_NWRL_CONSORTIUM)26061
651 1. ‡aMoon ‡0(LARL_NWRL_CONSORTIUM)177645
650 7. ‡aJUVENILE NONFICTION ‡xScience & Nature ‡xAstronomy. ‡2bisacsh
651 7. ‡2fast ‡aMoon ‡0(LARL_NWRL_CONSORTIUM)177645
651 7. ‡2sears ‡aMoon ‡0(LARL_NWRL_CONSORTIUM)177645
655 7. ‡aJuvenile works. ‡2fast
77608. ‡iOnline version: ‡aMoon, Walt K. ‡tLet's explore the moon. ‡dMinneapolis : Lerner Publications, [2018] ‡z9781512450163 ‡w(DLC) 2016050360
901 . ‡a282770 ‡b ‡c282770 ‡tbiblio

Additional Resources